| 000 | 01019nam a2200205Ia 4500 | ||
|---|---|---|---|
| 001 | 21902 | ||
| 003 | GE_BSU | ||
| 008 | 181216s||||||||xx |||||||||||||| ||und|| | ||
| 040 | _cGE_BSU | ||
| 080 | _aპერიოდიკა | ||
| 245 | _aსაქართველოს სოფლის მეურნეობის მეცნიერებათა აკადემია. მოამბე. 29 | ||
| 245 | _cმთავ. რედ. ჭალაგანიძე შ. | ||
| 250 | _aსაქართველოს სოფლის მეურნეობის მეცნიერებათა აკადემია | ||
| 260 | _aთბილისი | ||
| 260 | _c2011 | ||
| 300 | _a430გვ. 30სმ. | ||
| 520 | _aპარალ. სათ. ინგ. და რუს. ენ. | ||
| 653 | _aსაქართველოს სოფლის მეურნეობის მეცნიერებათა აკადემია. მოამბე. 29 | ||
| 942 | _cCR | ||
| 999 |
_c54833 _d54833 |
||